Les 50 … Personnages de Jeux Vidéos - Statistiques

Statistiques générales
  • Ce quiz a été pris 972 fois
    694 depuis la dernière actualisation
  • Le résultat moyen est 21 sur 50
Statistiques - réponses
Par images Hint Réponse % Correct
Mario
100%
Sonic
99%
Pokémon Pikachu
98%
Zelda Link
94%
Tomb Raider Lara Croft
92%
Yoshi
90%
Luigi
89%
Donkey Kong
88%
Kirby
88%
Rayman
86%
Pac Man
84%
God of War Kratos
80%
Crash Bandicoot
74%
Spyro
72%
Uncharted Nathan Drake
60%
Metal Gear Solid Solid Snake
60%
Bomberman
59%
Animal Crossing Tom Nook
54%
Red Dead Redemption 2 Arthur Morgan
48%
Street Fighter Chun-li
44%
The Witcher Geralt de Riv
43%
Hitman Agent 47
37%
Horizon Aloy
29%
Duke Nukem
29%
Metroïd Samus Aran
29%
San Andreas Carl Johnson
28%
Red Dead Redemption John Marston
28%
Sackboy
25%
Tekken Kazuya Mishima
24%
Last Of Us Joel Miller
22%
Cyberpunk V
22%
Final Fantasy Cloud Strife
20%
Half Life Gordon Freeman
20%
Max Payne
17%
Call Of Duty S.O.A.P Mactavish
16%
Alex Kidd
15%
Mortal Kombat Kitana
15%
Assassin's Creed:Valhalla Eivor Varinsdottir
13%
Splinter Cell Sam Fisher
13%
Earthworm Jim
12%
Ghost Of Tsushima Jin Sakai
12%
Resident Evil Ethan Winters
6%
Tekken Marshall Law
6%
Vice City Tommy Vercetti
6%
Yakuza Kazuma Kiryu
3%
Soul Calibur Kilik
2%
Dead Or Alive Bass Armstrong
1%
L.A. Noire Cole Phelps
1%
Street Of Rage Axel Stone
0%
True Crime Nicholas Kang
0%
Aucun quiz correspondant
Distribution des résultats
% des personnes avec chaque résultat
Percentile par nombre de réponses
Votre historique - résultats
Vous n’avez pas pris ce quiz depuis la dernière actualisation